Anyagcsere betegségek vizsgálata tandem tömegspektrometriával
Elmentve itt :
| Szerzők: | |
|---|---|
| Dokumentumtípus: | Könyv része |
| Megjelent: |
2006
|
| Sorozat: | Tiszaparti esték
7 Tiszaparti esték : gyermekgyógyászati továbbképző előadások 2005-2006 7 |
| Kulcsszavak: | Anyagcsere betegségek, Gyermekgyógyászat |
| Tárgyszavak: | |
| Online Access: | http://acta.bibl.u-szeged.hu/18884 |
| LEADER | 01064naa a2200301 i 4500 | ||
|---|---|---|---|
| 001 | acta18884 | ||
| 005 | 20220316155810.0 | ||
| 008 | 161015s2006 hu o 0|| hun d | ||
| 022 | |a 1588-3515 | ||
| 040 | |a SZTE Egyetemi Kiadványok Repozitórium |b hun | ||
| 041 | |a hun | ||
| 100 | 1 | |a Karg Eszter | |
| 245 | 1 | 0 | |a Anyagcsere betegségek vizsgálata tandem tömegspektrometriával |h [elektronikus dokumentum] / |c Karg Eszter |
| 260 | |c 2006 | ||
| 300 | |a 143-148 | ||
| 490 | 0 | |a Tiszaparti esték |v 7 | |
| 490 | 0 | |a Tiszaparti esték : gyermekgyógyászati továbbképző előadások 2005-2006 |v 7 | |
| 650 | 4 | |a Orvos- és egészségtudomány | |
| 650 | 4 | |a Klinikai orvostan | |
| 695 | |a Anyagcsere betegségek, Gyermekgyógyászat | ||
| 700 | 0 | 1 | |a Kapus Katalin |e aut |
| 700 | 0 | 1 | |a Rácz Katalin |e aut |
| 700 | 0 | 1 | |a Katona Márta |e aut |
| 700 | 0 | 1 | |a Várkonyi Ágnes |e aut |
| 700 | 0 | 1 | |a László Aranka |e aut |
| 700 | 0 | 1 | |a Wittmann Gyula |e aut |
| 700 | 0 | 1 | |a Túri Sándor |e aut |
| 856 | 4 | 0 | |u http://acta.bibl.u-szeged.hu/18884/1/tiszaparti_2005_143-148.pdf |z Dokumentum-elérés |